Le Québec en images - Statistiques

Statistiques générales
  • Ce quiz a été pris 7 268 fois
  • Le résultat moyen est 9 sur 18
Statistiques - réponses
Par images Hint Réponse % Correct
chanteuse Céline Dion
97%
plat Poutine
96%
produit répandu Sirop d'érable
91%
fleuve Fleuve Saint-Laurent
78%
invention Motoneige
74%
équipe sportive Canadiens de Montréal
53%
chaîne de montagnes Appalaches
41%
entreprise Hydro-Québec
40%
monument Château Frontenac
39%
île ou ville Laval | Île Jésus
38%
monument Stade olympique de Montréal
38%
péninsule Gaspésie
31%
attraction touristique Rocher Percé
29%
peuple autochtone Iroquoiens du Saint-Laurent
28%
humoriste Martin Matte
27%
île Île d'Anticosti
22%
personnage historique Wilfrid Laurier
15%
ville Tadoussac
11%
Aucun quiz correspondant
Distribution des résultats
% des personnes avec chaque résultat
Percentile par nombre de réponses
Votre historique - résultats
Vous n’avez pas pris ce quiz